Billy Joel Lyrics Quiz (Part 91) - Statistics

General Stats
  • This quiz has been taken 68 times
  • The average score is 80 of 160
Answer Stats
Answer % Correct
I
98%
a
95%
the
93%
you
86%
you,
86%
And
84%
and
84%
to
75%
me
70%
me,
70%
for
65%
my
65%
in
63%
love
60%
know
56%
what
54%
how
51%
you’re
51%
But
49%
but
49%
time
49%
time,
49%
that
47%
had
46%
I’m
46%
It’s
44%
it’s
44%
only
44%
see
44%
too
40%
can’t
39%
get
39%
say
37%
I’ve
35%
need
35%
won’t
33%
Oh,
32%
oh
32%
I’d
30%
bad
26%
way
26%
night
25%
make
21%
over
21%
take
21%
wish
21%
you’d
21%
goes
19%
really
19%
ask
16%
show
16%
through
16%
wanna
16%
lonely
12%
move
12%
must
12%
change
11%
other
11%
Roberta,
11%
slowly
11%
small
11%
tough
11%
circles
9%
oo,
9%
oo
9%
afford
7%
paid
7%
understand
7%
workin’
7%
adored
5%
suppose
5%
No matching quizzes found
Score Distribution
Percent of People with Each Score
Percentile by Number Answered
Your Score History
You have not taken this quiz